| 000 | 00518nam a2200205Ia 4500 | ||
|---|---|---|---|
| 008 | 140306s9999 xx 000 0 und d | ||
| 020 | _a439411149 | ||
| 050 |
_aPZ 7 _b.B91527Stu 2002 |
||
| 100 | _aBunting, Eve | ||
| 245 | 4 |
_aThe summer of riley / _cEve Bunting |
|
| 260 |
_aNew York : _bScholastic Inc., _cc2002. |
||
| 300 |
_a170 p. : _c18 cm. |
||
| 521 | _aG3 | ||
| 526 | _c540 | ||
| 650 |
_aDivorce _xFiction. |
||
| 650 |
_aDogs _xFiction. |
||
| 650 |
_aOregon _xFiction. |
||
| 942 | _cBK | ||
| 999 |
_c42837 _d42837 |
||